Nemzzz Rents Due album - Statistics

General Stats
  • This quiz has been taken 37 times
  • The average score is 10 of 14
Answer Stats
Hint Answer % Correct
(feat.Centrall Cee) dilemma
93%
cold
89%
(feat.kyle richh) Miami
81%
Turks and caicos
78%
motion
70%
bad decisions
67%
sorry
67%
stop it
67%
bmf
63%
dtm
63%
ego
59%
no detail
59%
paid
59%
bad gal riri
52%
No matching quizzes found
Score Distribution
Percent of People with Each Score
Percentile by Number Answered
Your Score History
You have not taken this quiz